000 00243nam a2200097Ia 4500
001 1156748
005 20250827011228.0
008 250824s9999 xx 000 0 und d
245 0 _aBİTMEMİŞ İNŞA
_cAHMET MELİH KARAUĞUZ
260 _bKETEBE
999 _c1156748
_d1156748